| 000 | 00361nam a2200145Ia 4500 | ||
|---|---|---|---|
| 008 | 230917s9999||||xx |||||||||||||| ||und|| | ||
| 040 |
_e119725 _aMAIN |
||
| 041 | _aEnglish | ||
| 082 | _a519.5 P916M | ||
| 100 | _aPrem Prakash | ||
| 245 | 0 | _aMeasurement in Education and Psychology | |
| 260 |
_aNew Delhi _bKanishka _c2008 |
||
| 300 | _a316p p. | ||
| 942 | _cBK | ||
| 999 |
_c146783 _d146783 |
||